000 00378nam a2200145Ia 4500
008 230917s9999||||xx |||||||||||||| ||und||
040 _e118895
_aMAIN
041 _aEnglish
082 _a338.4791 R952R
100 _aRyan, Chris
245 0 _aRecreational tourism demand and impacts
260 _aClevedon
_bChannel View Publications
_c2003
300 _a356 p.
942 _cBK
999 _c129601
_d129601